000 00567nam a2200229Ia 4500
003 OSt
005 20220924153747.0
006 a|||||r|||| 00| 0
007 ta
008 220923b |||||||| |||| 00| 0 tam d
024 _a351525
037 _cTextual
040 _aARTS
_cARTS
_btam
041 _2tam
_atam
082 _aP31wM20, 31H4
100 _aThangaiyah Au.
_9229686
245 0 _aPulavar popaiyah
260 _c1924
650 _aLINGUISTICS
942 _hP31wM20, 31H4
_cTEXL
_2CC
999 _c474693
_d474693